Statystyki dla Owoce

Kliknij tutaj aby rozwiązać quiz!

Ogólne statystyki

  • Ten quiz został rozwiązany 252 razy
  • Średni wynik to 34 z 49

Statystyki odpowiedzi

HintOdpowiedź% Poprawnych
JJabłko
95%
AArbuz
94%
BBanan
93%
GGruszka
93%
PPomarańcza
91%
ŚŚliwka
91%
TTruskawka
91%
MMandarynka
90%
MMalina
89%
AAnanas
88%
CCytryna
88%
BBorówka
86%
CCzereśnia
86%
BBrzoskwinia
85%
WWiśnia
84%
KKiwi
82%
WWinogrono
81%
AAgrest
79%
FFiga
79%
JJagoda
78%
LLimonka
76%
MMango
74%
JJeżyna
73%
LLiczi
73%
PPomelo
72%
AAwokado
71%
NNektarynka
70%
PPorzeczka
70%
MMelon
68%
MMorela
63%
GGrejpfrut
62%
MMarakuja
62%
SSmoczy owoc
62%
KKokos
60%
DDynia
59%
AAronia
58%
GGranat
58%
PPapaja
58%
ŻŻurawina
58%
PPoziomka
57%
DDaktyl
51%
PPigwa
50%
DDurian
47%
KKarambola
38%
MMirabelka
38%
MMorwa
37%
OOpuncja
32%
GGujawa
29%
KKlementynka
28%

Rozkład punktacji

Percentyl według liczby udzielonych odpowiedzi

Procent ludzi z każdym wynikiem

Twoja historia wyników

Nie rozwiązałeś tego quizu